Estatísticas para 50 municípios mais populosos de Minas Gerais

Clique aqui para jogar o quiz

Estatísticas Gerais

  • Esse quiz foi jogado 416 vezes
  • A pontuação média é 32 de 50

Estatísticas das Respostas

PopulaçãoMunicípio% Correto
2.513.451Belo Horizonte
99%
669.672Uberlândia
97%
609.636Juiz de Fora
95%
325.279Uberaba
94%
653.800Contagem
92%
422.354Betim
90%
279.665Governador Valadares
90%
398.288Montes Claros
85%
259.324Ipatinga
82%
234.221Sete Lagoas
81%
133.384Varginha
77%
141.502Teófilo Otoni
76%
232.945Divinópolis
73%
164.912Poços de Caldas
73%
135.829Barbacena
70%
103.287Araxá
69%
125.420Conselheiro Lafaiete
68%
325.846Ribeirão das Neves
68%
89.333São João del Rei
67%
149.856Patos de Minas
66%
135.196Sabará
66%
91.069Nova Lima
65%
145.535Pouso Alegre
65%
112.186Ubá
65%
77.863Viçosa
64%
101.208Lavras
62%
109.857Coronel Fabriciano
61%
217.610Santa Luzia
61%
78.474Três Corações
61%
120.510Vespasiano
58%
91.969Pará de Minas
57%
118.481Itabira
56%
79.222Alfenas
55%
103.945Ituiutaba
54%
107.916Muriaé
54%
113.807Passsos
54%
96.523Itajubá
52%
84.132Patrocínio
52%
79.100João Monlevade
51%
87.735Manhuaçu
51%
116.871Araguari
50%
83.448Unaí
50%
79.401Curvelo
49%
175.721Ibirité
48%
91.724Paracatu
48%
88.255Timóteo
45%
91.342Caratinga
42%
92.091Itaúna
38%
74.609Cataguases
37%
92.332Nova Serrana
37%

Distribuição das Pontuações

Percentil de Números Respondidos

Porcentagem de Pessoas com Cada Pontuação

Sua Pontuação Histórica

Você não jogou esse quiz